[Event "Titled Tuesday intern op 18th Jul Early"]
[Site "Chess.com INT"]
[Date "2023.07.18"]
[Round "1"]
[White "Starosta, Martyna"]
[Black "Kosteniuk, Alexandra"]
[Result "0-1"]
[WhiteElo "2168"]
[BlackElo "2532"]
[PlyCount "64"]
[EventDate "2023.07.18"]
[EventType "swiss (blitz)"]
[EventRounds "11"]
[EventCountry "USA"]
[SourceTitle "EXT 2024"]
[Source "ChessBase"]
[SourceDate "2023.10.10"]
[SourceVersion "1"]
[SourceVersionDate "2023.10.10"]
[SourceQuality "1"]

1. e4 c6 2. d4 d5 3. exd5 cxd5 4. c4 Nf6 5. Nc3 Nc6 6. Nf3 g6 7. c5 Bg7 8. Bd3 0-0 9. 0-0 Bg4 10. Be3 Ne8 11. h3 Bxf3 12. Qxf3 Nc7 13. Rad1 Nxd4 14. Qg4 Nde6 15. Bc2 d4 16. Ne2 h5 17. Qh4 Nb5 18. a4 Qc8 19. Bc1 Qxc5 20. Bxg6 fxg6 21. axb5 Qxb5 22. Qxe7 Rae8 23. Qd6 Qxe2 24. Rde1 Qc4 25. Re4 Qc6 26. Qxc6 bxc6 27. Rfe1 Nc7 28. Bg5 Rxe4 29. Rxe4 Re8 30. Rxe8+ Nxe8 31. Kf1 d3 32. Ke1 Nd6 0-1

[Event "Bydgoszcz op-A"]
[Site "Bydgoszcz"]
[Date "2023.06.30"]
[Round "7"]
[White "Starosta, Martyna"]
[Black "Licznerski, Lukasz"]
[Result "0-1"]
[WhiteElo "2177"]
[BlackElo "2460"]
[PlyCount "80"]
[EventDate "2023.06.24"]
[EventType "swiss"]
[EventRounds "9"]
[EventCountry "POL"]
[SourceTitle "CBM 215 Extra"]
[Source "ChessBase"]
[SourceDate "2023.09.30"]
[SourceVersion "1"]
[SourceVersionDate "2023.09.30"]
[SourceQuality "1"]

1. d4 Nf6 2. c4 e6 3. Nc3 Bb4 4. g3 c5 5. Nf3 b6 6. Bg2 Bb7 7. dxc5 Ne4 8. Qd4 0-0 9. Qd3 Bxc3+ 10. bxc3 Nxc5 11. Qd6 Nc6 12. Ba3 Qe7 13. Rd1 Qxd6 14. Rxd6 Rfd8 15. Bxc5 bxc5 16. Nd2 Rab8 17. 0-0 Ne5 18. Rd1 Kf8 19. Nb3 Ke7 20. Nxc5 Bd5 21. Ra6 Bxc4 22. Rxa7 Bxe2 23. Re1 Nf3+ 24. Bxf3 Bxf3 25. Nd3 Ra8 26. Rxa8 Rxa8 27. Nb4 g5 28. h3 h5 29. Re3 g4 30. h4 f5 31. Kf1 d5 32. Ke1 Kd6 33. Kd2 Be4 34. Re2 Ra3 35. Re3 Kc5 36. Kc1 d4 37. Nd3+ Bxd3 38. Rxd3 dxc3 39. Kb1 c2+ 40. Kxc2 Rxa2+ 0-1

[Event "Bydgoszcz op-A"]
[Site "Bydgoszcz"]
[Date "2023.06.29"]
[Round "6"]
[White "Bazilius, Augustinas"]
[Black "Starosta, Martyna"]
[Result "0-1"]
[WhiteElo "2110"]
[BlackElo "2177"]
[PlyCount "116"]
[EventDate "2023.06.24"]
[EventType "swiss"]
[EventRounds "9"]
[EventCountry "POL"]
[SourceTitle "CBM 215 Extra"]
[Source "ChessBase"]
[SourceDate "2023.09.30"]
[SourceVersion "1"]
[SourceVersionDate "2023.09.30"]
[SourceQuality "1"]

1. d4 Nf6 2. c4 g6 3. Nc3 Bg7 4. e4 d6 5. h3 0-0 6. Be3 e5 7. d5 Na6 8. g4 Nc5 9. f3 a5 10. Qd2 c6 11. Nge2 a4 12. Ng3 h5 13. gxh5 Nxh5 14. Nxh5 Qh4+ 15. Qf2 Qxh5 16. 0-0-0 a3 17. b3 f5 18. Be2 fxe4 19. fxe4 Rxf2 20. Bxh5 Nxb3+ 21. axb3 a2 22. Nxa2 Rfxa2 23. Bxg6 Rg2 24. Kb1 Rxg6 25. h4 Rg3 26. Rde1 Rh3 27. Rhg1 Kh8 28. Rg6 cxd5 29. cxd5 Bd7 30. Rxd6 Bb5 31. Rb6 Bd3+ 32. Kb2 Bxe4 33. Bh6 Rh2+ 34. Kc3 Rc8+ 35. Kb4 Bxd5 36. Bxg7+ Kxg7 37. Rb5 Rxh4+ 38. Ka3 Ra8+ 39. Kb2 Rh2+ 40. Kc3 Rh3+ 41. Kb2 Rxb3+ 42. Rxb3 Bxb3 43. Kxb3 Kf6 44. Kc4 Rd8 45. Rf1+ Ke6 46. Re1 Rd5 47. Rh1 b5+ 48. Kc3 Rd4 49. Rh8 b4+ 50. Kc2 Kd5 51. Rd8+ Ke4 52. Rh8 Kf3 53. Rh3+ Kg2 54. Rh5 e4 55. Rf5 e3 56. Rf6 e2 57. Re6 Kf2 58. Rf6+ Ke3 0-1

[Event "Ostrava Konik op-A"]
[Site "Ostrava"]
[Date "2023.05.07"]
[Round "2"]
[White "Starosta, Martyna"]
[Black "Rohit, Krishna S"]
[Result "0-1"]
[WhiteElo "2142"]
[BlackElo "2385"]
[PlyCount "74"]
[EventDate "2023.05.06"]
[EventType "swiss"]
[EventRounds "9"]
[EventCountry "CZE"]
[SourceTitle "CBM 214 Extra"]
[Source "ChessBase"]
[SourceDate "2023.07.31"]
[SourceVersion "1"]
[SourceVersionDate "2023.07.31"]
[SourceQuality "1"]

1. d4 Nf6 2. c4 e6 3. Nc3 Bb4 4. f3 d5 5. a3 Bxc3+ 6. bxc3 c5 7. cxd5 exd5 8. e3 c4 9. Ne2 Nc6 10. Ra2 b5 11. g4 a5 12. Ng3 h6 13. Bg2 Be6 14. 0-0 b4 15. Bb2 h5 16. h3 Qc7 17. Qe1 b3 18. Ra1 0-0-0 19. e4 hxg4 20. fxg4 Nxe4 21. Nxe4 dxe4 22. Qxe4 Bd5 23. Qf5+ Rd7 24. Bxd5 Ne7 25. Qxf7 Nxd5 26. Qf3 Qb7 27. Rae1 Nb6 28. Qg3 Na4 29. Re2 Re7 30. Ref2 Rhe8 31. d5 Qxd5 32. Bc1 Re1 33. Bf4 b2 34. Bb8 Qc5 35. Rxe1 Rxe1+ 36. Kh2 b1Q 37. Rf8+ Kd7 0-1

[Event "Krakow op-B 33rd"]
[Site "Krakow"]
[Date "2023.01.02"]
[Round "7"]
[White "Gorkiewicz, Mateusz"]
[Black "Starosta, Martyna"]
[Result "1/2-1/2"]
[WhiteElo "2076"]
[BlackElo "1991"]
[PlyCount "183"]
[EventDate "2022.12.27"]
[EventType "swiss"]
[EventRounds "9"]
[EventCountry "POL"]
[SourceTitle "CBM 212 Extra"]
[Source "ChessBase"]
[SourceDate "2023.03.31"]
[SourceVersion "1"]
[SourceVersionDate "2023.03.31"]
[SourceQuality "1"]

1. e4 e6 2. d4 d5 3. Nc3 Nf6 4. e5 Nfd7 5. f4 c5 6. Nf3 Qb6 7. Be3 a6 8. Na4 Qa5+ 9. c3 cxd4 10. b4 Qc7 11. Qxd4 b5 12. Nb2 Be7 13. a4 bxa4 14. Nxa4 Bb7 15. Qd2 Bc6 16. Bd3 0-0 17. 0-0 Bb5 18. Nd4 Bxd3 19. Qxd3 Nc6 20. Nb3 Rfc8 21. Qe2 Qb7 22. Nac5 Bxc5 23. Nxc5 Nxc5 24. Bxc5 a5 25. f5 exf5 26. e6 Nd8 27. exf7+ Nxf7 28. Rxf5 axb4 29. Rxa8 Rxa8 30. cxb4 Qd7 31. Rf1 Re8 32. Qf3 h6 33. Rd1 Re5 34. h4 Qe6 35. Qg3 Re4 36. Rd4 Re3 37. Qg4 Qe5 38. Rd1 Re4 39. Qc8+ Kh7 40. Rf1 Rf4 41. Qa6 Qe4 42. Rxf4 Qxf4 43. Qd3+ Kg8 44. Qxd5 Qxh4 45. Qe6 Qd8 46. Qc4 Qd1+ 47. Kf2 Qd2+ 48. Kf3 Qd1+ 49. Ke3 Qg1+ 50. Kf3 Qd1+ 51. Kf2 Qd2+ 52. Kg1 Qd1+ 53. Qf1 Qd5 54. Bf2 Nd6 55. Qb1 Nb5 56. Qc2 Qd7 57. Qb3+ Kh8 58. Bc5 Qe8 59. Qd1 Kg8 60. Bd4 Qd7 61. Qb3+ Kh8 62. Bc3 Qc6 63. Bb2 Qe4 64. Qh3 Kh7 65. Qg3 Nd4 66. Kh2 Nf5 67. Qe5 Qg4 68. b5 Qh5+ 69. Kg1 Qd1+ 70. Kf2 Kg6 71. b6 Qd2+ 72. Qe2 Qf4+ 73. Kg1 Ng3 74. Qd3+ Ne4 75. Bd4 Qc1+ 76. Kh2 Qc6 77. Be5 Kf5 78. Bc7 Ke6 79. Qb3+ Kd7 80. Qf7+ Kc8 81. Qf8+ Kb7 82. Qxg7 Nc5 83. Qf7 Nd7 84. Bd8 Kc8 85. Qe8 Kb7 86. Qe7 Kc8 87. Kh3 Nxb6 88. Bxb6 Qxb6 89. g4 Qg1 90. Qf7 Qh1+ 91. Kg3 Qg1+ 92. Kh3 1/2-1/2